000 01519cam a2200409 a 4500
999 _c128862
_d128862
001 2468235
003 ARRUPE
005 20190130104427.0
008 900216s1990 ctua b 001 0 eng
010 _a 90004211
020 _a0931816858
020 _a093181684X (pbk.)
040 _aDLC
_cDLC
_dDLC
043 _ad------
050 0 0 _aHC60
_b.K67 1990
082 0 0 _a338.9/009172/4
_220
100 1 _aKorten, David C.
_944276
245 1 0 _aGetting to the 21st century :
_bvoluntary action and the global agenda /
_cDavid C. Korten.
260 _aWest Hartford, Conn. :
_bKumarian Press,
_cc1990.
300 _axv, 253 p. :
_bill. ;
_c23 cm.
440 0 _aKumarian Press library of management for development
_944277
504 _aIncludes bibliographical references and index.
650 0 _aNon-governmental organizations
_zDeveloping countries.
_944278
650 0 _aNon-governmental organizations.
_944279
650 0 _aEconomic assistance
_zDeveloping countries.
_9202
650 0 _aEconomic assistance, Domestic.
_944280
650 0 _aEconomic development
_xEnvironmental aspects.
_94996
650 0 _aVoluntarism
_zDeveloping countries.
_944281
650 0 _aVoluntarism.
_944282
650 0 _aGreen movement
_zDeveloping countries.
_944283
650 0 _aGreen movement.
_94995
650 0 _aPeace movements
_zDeveloping countries.
_944284
650 0 _aPeace movements.
_944285
740 0 _aGetting to the twenty-first century.
906 _a7
_bcbc
_corignew
_d1
_eocip
_f19
_gy-gencatlg
942 _2lcc
_cMONOGRAPH